| 000 | 01694cab a2200289 ab4500 | ||
|---|---|---|---|
| 005 | 20241106122354.0 | ||
| 008 | 991125c2016 sp tr p o 000 0 spa d | ||
| 035 | _aUPN01000228562 | ||
| 040 |
_aMX-MxUPN _bspa _cMX-MxUPN _eaacr2 |
||
| 049 | _aART-E | ||
| 100 | 1 |
_aAcevedo Díaz, José Antonio _6- ja_acevedo@vodafone.es |
|
| 100 | 1 | _aGarcía Carmona, Antonio | |
| 100 | 1 | _aAragón, María del Mar | |
| 245 | 1 | 0 |
_aUn caso de historia de la ciencia para aprender naturaleza de la ciencia : _bSemmelweis y la fiebre puerperal |
| 506 | 0 | _aAcceso abierto | |
| 520 | 3 | _aSe presenta el caso Semmelweis como un relato de la Historia de la Ciencia interesante para abordar en las clases de ciencias algunas cuestiones de Naturaleza de la Ciencia (NDC), desde un enfoque explícito y reflexivo. La propuesta se dirige a la formación de futuro profesorado de ciencias de Educación Secundaria en NDC y su didáctica. Se presta atención tanto a los aspectos epistémicos como a los no-epistémicos en el texto del caso y en las cuestiones que se plantean. Asimismo, se proponen algunas recomendaciones metodológicas para su implementación y evaluación en el aula. Eureka | |
| 653 | 0 | _aHistoria de la ciencia | |
| 653 | 0 | _aNaturaleza de la ciencia | |
| 653 | 0 | _aEnseñanza de las ciencias | |
| 653 | 0 | _aFormación docente | |
| 773 |
_gVol. 13, no. 2 (2016), p. 408-422 _tRevista Eureka sobre enseñanza y divulgación de las ciencias _x1697-011X |
||
| 856 | 4 | _uhttps://revistas.uca.es/index.php/eureka/article/view/2976 | |
| 856 | 4 | _uhttp://dx.doi.org/10.25267/Rev_Eureka_ensen_divulg_cienc.2016.v13.i2.13 | |
| 902 | _aLeonor Sotres/061124 | ||
| 905 | _aArticulo | ||
| 942 | _cART-E | ||
| 999 |
_c200657 _d200657 |
||